000
00416nam a2200145Ia 4500
008
100122s9999 xx 000 0 und d
082
_b
12451
_a
823
100
_a
आपटे ह ना
245
_a
सूर्योदय
260
_b
आर्यभूषण मुद्रणालय
_c
1964
300
_a
432
630
_a
सूर्योदय
730
_a
सूर्योदय
942
_c
BOOK
999
_c
403572
_d
403569